Selected Decisions and Selected Documents of the International Monetary Fund.

This volume contains decisions, interpretations, and resolutions of the Executive Board and the Board of Governors of the IMF, as well as selected documents relating to current activities of the Fund.

Bibliographic Details
Corporate Author: International Monetary Fund
Format: Journal
Language:English
Published: Washington, D.C. : International Monetary Fund, 2005.
Series:Selected Decisions; Twenty-Ninth Issue, 2004
Online Access:Full text available on IMF
LEADER 01263cas a2200241 a 4500
001 AALejournalIMF012995
008 230101c9999 xx r poo 0 0eng d
020 |c 15.00 USD 
020 |z 9781589064348 
022 |a 1087-4275 
040 |a BD-DhAAL  |c BD-DhAAL 
110 2 |a International Monetary Fund. 
245 1 0 |a Selected Decisions and Selected Documents of the International Monetary Fund. 
264 1 |a Washington, D.C. :  |b International Monetary Fund,  |c 2005. 
300 |a 1 online resource (892 pages) 
490 1 |a Selected Decisions 
500 |a <strong>Off-Campus Access:</strong> No User ID or Password Required 
500 |a <strong>On-Campus Access:</strong> No User ID or Password Required 
506 |a Electronic access restricted to authorized BRAC University faculty, staff and students 
520 3 |a This volume contains decisions, interpretations, and resolutions of the Executive Board and the Board of Governors of the IMF, as well as selected documents relating to current activities of the Fund. 
538 |a Mode of access: Internet 
830 0 |a Selected Decisions; Twenty-Ninth Issue, 2004 
856 4 0 |z Full text available on IMF  |u http://elibrary.imf.org/view/books/014/06132-9781589064348-en/06132-9781589064348-en-book.xml  |z IMF e-Library